Primera semana bizantina

Gespeichert in:
Bibliographische Detailangaben
Körperschaft: Universidad Católica de Valparaiso (VerfasserIn)
Format: Buch
Sprache:Spanisch
Veröffentlicht: Valparaíso Universidad Católica de Valparaíso 1958
Schlagworte:
Tags: Tag hinzufügen
Keine Tags, Fügen Sie den ersten Tag hinzu!

MARC

LEADER 00000nam a2200000 a 4500
001 UCZ8635
003 CL-VaPUC
008 960125e19580000CL |||||||||||||||||spa|d
082 0 4 |a 949.5  |b UNI  |2 21 
110 2 |a Universidad Católica de Valparaiso  |e author  |9 354001 
245 1 0 |a Primera semana bizantina 
300 |a 72 p 
942 |c BK 
945 |d 19960125 00:00:00  |a cmena 
260 |a Valparaíso  |b Universidad Católica de Valparaíso  |c 1958 
650 0 |a Historia antigua  |9 267521 
650 0 |a Cultura  |9 269059 
650 0 |a Civilizaciones antiguas  |9 265998 
650 0 |a Iglesia Católica  |9 256114 
650 0 |a Cristianismo  |9 257361 
651 7 |a BIZANCIO  |2 CL-VaPUC  |9 353433 
583 |a last modification  |c 19960125 00:00:00  |k Rodrigo Vera 
999 |c 244492  |d 244490 
952 |0 0  |1 0  |4 0  |6 949_500000000000000_UNI_1958  |7 0  |8 P  |9 258566  |a BIBEDU  |b BIBEDU  |c BIBEDU_PB  |d 2019-11-19  |i 1621653  |o 949.5 UNI 1958  |p 1621653  |r 2024-01-25  |w 2019-11-19  |y BK  |k FIL 
952 |0 0  |1 0  |4 0  |6 949_500000000000000_UNI_1958  |7 0  |8 A  |9 258567  |a BIBHIS  |b BIBHIS  |d 2019-11-19  |i 1384058  |o 949.5 UNI 1958  |p 1384058  |r 2025-01-20  |w 2019-11-19  |y BK  |k HIS 
952 |0 0  |1 0  |4 0  |6 949_500000000000000_UNI_1958  |7 0  |8 A  |9 258568  |a BIBHIS  |b BIBHIS  |d 2019-11-19  |i 1384066  |o 949.5 UNI 1958  |p 1384066  |r 2025-01-20  |w 2019-11-19  |y BK  |k HIS 
952 |0 0  |1 0  |4 0  |6 949_500000000000000_UNI_1958  |7 0  |8 A  |9 258569  |a BIBHIS  |b BIBHIS  |d 2019-11-19  |i 1384074  |o 949.5 UNI 1958  |p 1384074  |r 2025-01-20  |w 2019-11-19  |y BK  |k HIS 
952 |0 0  |1 0  |4 0  |6 949_500000000000000_UNI_1958  |7 0  |8 A  |9 258570  |a BIBHIS  |b BIBHIS  |d 2019-11-19  |i 1384082  |o 949.5 UNI 1958  |p 1384082  |r 2025-01-20  |w 2019-11-19  |y BK  |k HIS 
952 |0 0  |1 0  |4 0  |6 949_500000000000000_UNI_1958  |7 0  |8 A  |9 258571  |a BIBHIS  |b BIBHIS  |d 2019-11-19  |i 1384090  |o 949.5 UNI 1958  |p 1384090  |r 2025-01-20  |w 2019-11-19  |y BK  |k HIS 
952 |0 0  |1 0  |4 0  |6 949_500000000000000_UNI_1958  |7 0  |8 A  |9 258572  |a BIBHIS  |b BIBHIS  |d 2019-11-19  |i 1384104  |l 1  |o 949.5 UNI 1958  |p 1384104  |r 2025-01-20  |s 2024-01-02  |w 2019-11-19  |y BK  |k HIS 
952 |0 0  |1 0  |4 0  |6 949_500000000000000_UNI_1958  |7 0  |8 A  |9 258573  |a BIBHIS  |b BIBHIS  |d 2019-11-19  |i 1384112  |o 949.5 UNI 1958  |p 1384112  |r 2025-01-20  |w 2019-11-19  |y BK  |k HIS 
952 |0 0  |1 0  |4 0  |6 949_500000000000000_UNI_1958  |7 0  |8 A  |9 258574  |a BIBHIS  |b BIBHIS  |d 2019-11-19  |i 1384120  |o 949.5 UNI 1958  |p 1384120  |r 2025-01-20  |w 2019-11-19  |y BK  |k HIS